God's Country - Blake Shelton - All Lyrics - Statistics

General Stats
  • This quiz has been taken 98 times
  • The average score is 266 of 381
Answer Stats
Answer % Correct
a
100%
the
100%
The
100%
country
98%
country)
98%
God's
98%
I
98%
in
90%
to
88%
and
86%
it
86%
on
86%
is
84%
this
84%
This
84%
(This
84%
light
82%
saw
82%
do
80%
but
78%
of
78%
We
78%
what
78%
when
78%
When
78%
my
74%
baptized
72%
be
72%
by
72%
dirt
72%
ain't
70%
Got
70%
holy
70%
town
70%
water
70%
deed
68%
dogs
68%
land,
68%
Right
68%
road
68%
runnin'
68%
There's
68%
back
66%
church
66%
get
66%
ground
66%
one
66%
Then
66%
with
66%
he
64%
outside
64%
'shine
64%
why
64%
Gettin'
62%
lot
62%
muddy
62%
nothin'
62%
whole
62%
Sittin'
60%
'Cause
58%
it's
58%
riverside
58%
sound
58%
sunrise
58%
down
56%
didn't
54%
for
54%
me
54%
pray
54%
went
54%
you
54%
all
52%
around
52%
been
52%
Devil
52%
Saved
52%
stick
52%
40
50%
again
50%
Georgia
50%
Heaven
50%
(Yeah)
50%
Yeah,
50%
bound
48%
break
48%
call
48%
found
48%
gold
48%
Him
48%
rain,
48%
time,
48%
we're
48%
bread
46%
money
46%
proud
46%
put
46%
Sunday
46%
they
46%
wind,
46%
deep
44%
don't
44%
little
44%
that's
44%
up
44%
bit
42%
end
42%
from
42%
six
42%
thank
42%
until
42%
work
42%
done
40%
feet
40%
guess
40%
lay
40%
take
40%
brings
38%
care
38%
Dixie
38%
kind
38%
that'll
38%
week's
38%
box
36%
fallin'
36%
grain
36%
or
36%
plate
36%
headstone
34%
reads
34%
turn
34%
pinewood
32%
whistled
14%
No matching quizzes found
Score Distribution
Percent of People with Each Score
Percentile by Number Answered
Your Score History
You have not taken this quiz